Tajné princezny - Kouzelné náhrdelníky

Saved in:
Bibliographic Details
Main Author Banksová, Rosie
Format Electronic eBook
LanguageCzech
Published Bambook 2026
Edition1. elektronické vydání
Subjects
Online AccessDostupné v BOOKPORT po přihlášení pomocí eduID
ISBN978-80-271-8408-8
978-80-271-5033-5
Physical Description1 online zdroj (200 stran)

Cover

LEADER 00000nam a2200000 i 4500
001 bkp13741
003 CZ-prgp
005 20260407112622.0
006 m o d
007 cr cn
008 260407s2026 xr o 000 0 cze
020 |a 978-80-271-8408-8  |c 254 Kč  |q (online ; pdf) 
020 |a 978-80-271-5033-5  |c 304 Kč  |q (print) 
040 |a Grada  |b cze  |e rda 
100 1 |a Banksová, Rosie 
245 1 0 |a Tajné princezny - Kouzelné náhrdelníky  |c Rosie Banksová 
250 |a 1. elektronické vydání 
264 1 |b Bambook  |c 2026 
300 |a 1 online zdroj (200 stran) 
336 |a text  |b txt  |2 rdacontent 
337 |a počítač  |b c  |2 rdamedia 
338 |a online zdroj  |b cr  |2 rdacarrier 
520 3 |a Šarlota a Mia jsou nerozlučné kamarádky. Když se však Šarlota odstěhuje, jejich přátelství čeká zkouška - dokud nedostanou kouzelné náhrdelníky od tajné princezny Alice. Dívky se ocitnou ve světě plném magie, splněných přání a přátelství, které dokáže zázraky. 
650 0 4 |a Příběhy, deníky 
856 4 0 |u https://www.bookport.cz/AccountSaml/SignIn/?idp=https://shibboleth.utb.cz/idp/shibboleth&returnUrl=/kniha/tajne-princezny-kouzelne-nahrdelniky-15888/  |y Dostupné v BOOKPORT po přihlášení pomocí eduID